000 00316nam a22001457a 4500
008 210308b ||||| |||| 00| 0 eng d
020 _a087901136X
041 _aeng
080 _a575
082 _a575
100 _a5
101 _aBIO
245 _aPrinciples of Biochemistry
_cLehninger, A.L
942 _2udc
_cBK
999 _c55991
_d55991